LEADER 01154nam a2200253 i 4500 001 000000232575 003 CaOOAMICUS 005 20140901000000.0 008 140901s1990 it u000 u ita u 013 $a211478 040 $aSeMil$bita 100 1 $aProust, Marcel,$d<1871-1922>.$0(OLS)http://semarc/name/8342 245 10$aProust e la critica italiana /$cMarcel Proust ; a cura di Paolo Pinto e Giuseppe Grasso. 300 $aX, 338 p. 490 0 $aGrandi tascabili economici [Newton]v77 600 14$aProust, Marcel <1871-1922>.$0(OLS)http://semarc/subject/12447 700 1 $aGrasso, Giuseppe.$0(OLS)http://semarc/name/13997 700 1 $aPinto, Paolo.$0(OLS)http://semarc/name/13996 773 0 $aProust, Marcel <1871-1922>$tAlla ricerca del tempo perduto.$dRoma : Grandi Tascabili Economici Newton, 1990.$kGrandi tascabili economici$g[8$w()30441 830 0$aGrandi tascabili economici ;$v77.$0(OLS)http://semarc/title/20817 850 $aSeMil 852 $aSeMil$W1$xVenegono$y1$m1V IV 192$j182921$B182921$CSeMilBibl$Z2$F195103 $81 961 $aOmaggio: Altro 996 $6245$aProust e la critica italiana$9(OLS)http://semarc/title/331851 LEADER 01185nam a2200277 i 4500 001 000000119011 003 CaOOAMICUS 005 20031015000000.0 008 031015s2003 it u000 u ita u 013 $a91704 020 $a88-8498-082-8 040 $aSeMil$bita 100 1 $aProsperi, Adriano,$d<1939- >.$0(OLS)http://semarc/name/10870 245 12$aL'inquisizione romana :$bletture e ricerche /$cAdriano Prosperi. 260 $aRoma :$bEdizioni di Storia e Letteratura,$c2003. 300 $a456 p. ;$c25 cm. 490 0 $aStoria e letteratura : raccolta di studi e testi ;$v214 500 $aDono di mons. Antonio Rimoldi. 650 4$aInquisizione - Roma.$0(OLS)http://semarc/subject/11923 830 0$aStoria e letteratura ;$v214.$0(OLS)http://semarc/title/420 850 $aSeMil 852 $aSeMil$W1$xVenegono$y1$m3T V 215$j74256$B74256$CSeMilBibl$Z2$F76617 $81 961 $aOmaggio: Rimoldi mons. Antonio 996 $6020$a88-8498-082-8$9(OLS)http://semarc/number/103755 996 $6245$aL'inquisizione romana :$bletture e ricerche$9(OLS)http://semarc/title/174860 996 $6260$aRoma :$bEdizioni di Storia e Letteratura$9(OLS)http://semarc/publisher/29779